000 00420nam a2200181Ia 4500
008 230512s9999 xx 000 0 und d
041 _aeng
082 _a330.954
100 _aCHOUDHARI P
245 _aTHE INDIAN ECONOMY :POVERTY AND DEVELOPMENT
250 _a1
260 _bVIKAS PUB. HOUSE NEW DELHI
300 _a279
365 _b41
500 _aPaper Back
520 _aGeneral
650 _aManagement
999 _c398050
_d398050